000 00732nam a2200205 a 4500
001 000040553
005 20201002034217.0
008 130830s2009 sp 000 0 spa d
020 _a9788420673455
040 _aDO-SdBNP
_bspa
_cBNPHU
100 1 _aToquevile, Alexis de
_966876
245 1 3 _aLa democracia en América 1 /
_cAlexis de Tocqueville ; prólogo Ángel Rivero.
246 1 3 _aLa democracia en América 2
260 _aMadrid :,
_c2009.
300 _a2 v. ;
_c23 cm.
490 1 _aCiencia política
_aLibro del bolsillo
_v3418, 3419
500 _aIncluye referencias bibliográficas y notas al pie de las páginas
700 1 _aRivero, Ángel
_966392
830 0 _aCiencia política
_pLibro del bolsillo
_v3418-3419
_966877
999 _c40043
_d40043